| 000 -LEADER |
| fixed length control field |
02072nam a22003617a 4500 |
| 003 - CONTROL NUMBER IDENTIFIER |
| control field |
OSt |
| 005 - DATE AND TIME OF LATEST TRANSACTION |
| control field |
20260416083107.0 |
| 008 - FIXED-LENGTH DATA ELEMENTS--GENERAL INFORMATION |
| fixed length control field |
190228c xxuf||p| |||| 00| 0 spa d |
| 040 ## - CATALOGING SOURCE |
| Transcribing agency |
PJ |
| 245 10 - TITLE STATEMENT |
| Title |
Revista de derecho laboral : |
| Remainder of title |
la Ley de Contrato de Trabajo, 50 años después / |
| Statement of responsibility, etc |
director Mario E. Ackerman. |
| 260 ## - PUBLICATION, DISTRIBUTION, ETC. (IMPRINT) |
| Place of publication, distribution, etc |
Santa Fé : |
| Name of publisher, distributor, etc |
Rubinzal-Culzoni, |
| Date of publication, distribution, etc |
2024. |
| 300 ## - PHYSICAL DESCRIPTION |
| Extent |
559 p. |
| Dimensions |
22 cm. |
| 310 ## - CURRENT PUBLICATION FREQUENCY |
| Current publication frequency |
semestral |
| 362 ## - DATES OF PUBLICATION AND/OR SEQUENTIAL DESIGNATION |
| Dates of publication and/or sequential designation |
No. 2 (2024) |
| 505 ## - FORMATTED CONTENTS NOTE |
| Title |
Comencemos y terminemos por el lado de los principios / |
| Statement of responsibility |
César Arese. |
| 505 ## - FORMATTED CONTENTS NOTE |
| Title |
La buena fe contractual en la ley de contrato de trabajo y en el nuevo diseño del Código Civil y Comercial / |
| Statement of responsibility |
Carlos Alber o Livellara. |
| 505 ## - FORMATTED CONTENTS NOTE |
| Title |
De la ley 11.729 a la ley 20.744 / |
| Statement of responsibility |
Alejandro Sudera. |
| 505 ## - FORMATTED CONTENTS NOTE |
| Title |
Identificación de la relación de dependencia / |
| Statement of responsibility |
Silvia Díaz. |
| 505 ## - FORMATTED CONTENTS NOTE |
| Title |
“Ius variandi”. de la jurisprudencia a la norma / |
| Statement of responsibility |
Juan Martín Segura. |
| 505 ## - FORMATTED CONTENTS NOTE |
| Title |
La jornada de trabajo a más de noventa años de la sanción de la ley 11.544 y cincuenta años de la ley de contrato de trabajo / |
| Statement of responsibility |
Silvia E. Pinto Varela. |
| 505 ## - FORMATTED CONTENTS NOTE |
| Title |
Curiosidades de la historia. la protección de la persona gestante en la ley de contrato de trabajo / |
| Statement of responsibility |
Horacio Las Heras. |
| 505 ## - FORMATTED CONTENTS NOTE |
| Title |
Licencias laborales. su evolución desde la vigencia de la LCT / |
| Statement of responsibility |
Jorge Oscar. |
| 505 ## - FORMATTED CONTENTS NOTE |
| Title |
Identificación de la remuneración en el artículo 245 de la LCT / |
| 505 ## - FORMATTED CONTENTS NOTE |
| Title |
Cómputo de la antigüedad a los efectos del artículo 245 de la LCT / |
| Statement of responsibility |
Alejandro Sudera. |
| 505 ## - FORMATTED CONTENTS NOTE |
| Title |
La transferencia del establecimiento o de la empresa y la cesión del contrato de trabajo / |
| Statement of responsibility |
Miguel Ángel. |
| 505 ## - FORMATTED CONTENTS NOTE |
| Title |
El paulatino retorno al artículo 276 de la LCT / |
| Statement of responsibility |
Raúl Horacio Ojeda. |
| 650 #0 - SUBJECT ADDED ENTRY--TOPICAL TERM |
| 9 (RLIN) |
1316 |
| Topical term or geographic name as entry element |
DERECHO LABORAL |
| 650 #0 - SUBJECT ADDED ENTRY--TOPICAL TERM |
| 9 (RLIN) |
1383 |
| Topical term or geographic name as entry element |
LEY DE CONTRATO DE TRABAJO |
| 700 ## - ADDED ENTRY--PERSONAL NAME |
| 9 (RLIN) |
1423 |
| Personal name |
Ackermann, Mario Eduardo |
| Función |
director |
| 856 ## - ELECTRONIC LOCATION AND ACCESS |
| Uniform Resource Identifier |
<a href="https://www.rubinzal.com.ar/revistas/revista-de-derecho-laboral/5/?home=1">https://www.rubinzal.com.ar/revistas/revista-de-derecho-laboral/5/?home=1</a> |
| Link text |
Rubinzal Culzoni Editores |
| 942 ## - ADDED ENTRY ELEMENTS (KOHA) |
| Source of classification or shelving scheme |
|
| Koha item type |
Publicaciones Periódicas |
| Classification part |
347.1(05) |
| Item part |
REV |